书目信息 |
| 题名: |
环境统计
|
|
| 作者: | 蔡宝森 主编 | |
| 分册: | ||
| 出版信息: | 武汉 武汉理工大学出版社 2004.08 |
|
| 页数: | 347页 | |
| 开本: | 23cm | |
| 丛书名: | 高等专科学校、高等职业技术学校环境工程专业新编系列教材 | |
| 单 册: | ||
| 中图分类: | X11 | |
| 科图分类: | ||
| 主题词: | 环境统计--高等学校--教材 | |
| 电子资源: | ||
| ISBN: | 7-5629-2084-2 | |
| 000 | 01006nam 2200265 450 | |
| 001 | 0135347273 | |
| 005 | 20111213162844.96 | |
| 010 | @a7-5629-2084-2@d32.00CNY | |
| 100 | @a20050310d2004 km y0chiy0120 ea | |
| 101 | 0 | @achi |
| 102 | @aCN@b420000 | |
| 105 | @aa a 000yy | |
| 200 | 1 | @a环境统计@Ahuan jing tong ji@f蔡宝森主编@Fcai bao sen zhu bian |
| 210 | @a武汉@c武汉理工大学出版社@d2004.08 | |
| 215 | @a347页@c图@d23cm | |
| 225 | 2 | @a高等专科学校、高等职业技术学校环境工程专业新编系列教材 |
| 320 | @a有书目 (第347页)。 | |
| 330 | @a本书介绍环境统计的基本理论和方法, 环境统计资料的搜集与整理、环境统计指标与指标体系、环境参数的抽样估计和假设检验、直线相关与回归等内容。 | |
| 333 | @a面向21世纪课程教材 教育部高等学校环境工程专业教学指导委员会推荐教材。 | |
| 410 | 0 | @12001 @a高等专科学校、高等职业技术学校环境工程专业新编系列教材 |
| 606 | 0 | @a环境统计@x高等学校@x教材 |
| 690 | @aX11@v4 | |
| 701 | 0 | @a蔡宝森@Acai bao sen@4主编 |
| 801 | 0 | @aCN@bQSSK@c20110913 |
| 905 | @a10447@dX11@eC026 | |
| 环境统计/蔡宝森主编.-武汉:武汉理工大学出版社,2004.08 |
| 347页:图;23cm.-(高等专科学校、高等职业技术学校环境工程专业新编系列教材) |
| 使用对象:面向21世纪课程教材 教育部高等学校环境工程专业教学指导委员会推荐教材。 |
| ISBN 7-5629-2084-2:32.00CNY |
| 本书介绍环境统计的基本理论和方法, 环境统计资料的搜集与整理、环境统计指标与指标体系、环境参数的抽样估计和假设检验、直线相关与回归等内容。 |
| ● |
| 相关链接 |
|
|
|
正题名:环境统计
索取号:X11/C026
 
预约/预借
| 序号 | 登录号 | 条形码 | 馆藏地/架位号 | 状态 | 备注 |
| 1 | 464849 | 204648499 | 期刊室512/501自科库 92排2列2层/ [索取号:X11/C026] | 在馆 | |
| 2 | 464850 | 204648505 | 自科库501/501自科库 92排2列2层/ [索取号:X11/C026] | 在馆 | |
| 3 | 464851 | 204648514 | 自科库501/501自科库 92排2列2层/ [索取号:X11/C026] | 在馆 | |
| 4 | 464852 | 204648523 | 自科库501/501自科库 92排2列2层/ [索取号:X11/C026] | 在馆 | |
| 5 | 464853 | 204648532 | 自科库501/501自科库 92排2列2层/ [索取号:X11/C026] | 在馆 | |
| 6 | 464854 | 204648541 | 期刊室512/501自科库 92排2列2层/ [索取号:X11/C026] | 在馆 | |
| 7 | 464855 | 204648550 | 市政与环境工程学院资料室/501自科库 92排2列2层/ [索取号:X11/C026] | 在馆 | |
| 8 | 464856 | 204648569 | 市政与环境工程学院资料室/501自科库 92排2列2层/ [索取号:X11/C026] | 在馆 | |
| 9 | 464857 | 204648578 | 市政与环境工程学院资料室/501自科库 92排2列2层/ [索取号:X11/C026] | 在馆 | |
| 10 | 464858 | 204648587 | 自科库501/501自科库 92排2列2层/ [索取号:X11/C026] | 在馆 | |
| 11 | 466118 | 204661188 | 期刊室512/501自科库 92排2列2层/ [索取号:X11/C026] | 在馆 | |
| 12 | 466386 | 204663863 | 期刊室512/501自科库 92排2列2层/ [索取号:X11/C026] | 在馆 | |
| 13 | 466643 | 204666432 | 期刊室512/501自科库 92排2列2层/ [索取号:X11/C026] | 在馆 | |
| 14 | 469187 | 204691878 | 期刊室512/501自科库 92排2列2层/ [索取号:X11/C026] | 在馆 | |
| 15 | 471055 | 204710553 | 期刊室512/501自科库 92排2列2层/ [索取号:X11/C026] | 在馆 | |
| 16 | 471056 | 204710562 | 期刊室512/501自科库 92排2列2层/ [索取号:X11/C026] | 在馆 | |
| 17 | 471057 | 204710571 | 期刊室512/501自科库 92排2列2层/ [索取号:X11/C026] | 在馆 | |
| 18 | 471058 | 204710580 | 期刊室512/501自科库 92排2列2层/ [索取号:X11/C026] | 在馆 | |
| 19 | 471059 | 204710599 | 自科库501/501自科库 92排2列2层/ [索取号:X11/C026] | 在馆 | |
| 20 | 471107 | 204711071 | 期刊室512/501自科库 92排2列2层/ [索取号:X11/C026] | 在馆 | |
| 21 | 471108 | 204711080 | 期刊室512/501自科库 92排2列2层/ [索取号:X11/C026] | 在馆 | |
| 22 | 471109 | 204711099 | 自科库501/501自科库 92排2列2层/ [索取号:X11/C026] | 在馆 | |
| 23 | 471110 | 204711106 | 期刊室512/501自科库 92排2列2层/ [索取号:X11/C026] | 在馆 | |
| 24 | 562713 | 205627133 | 自科库501/501自科库 92排2列2层/ [索取号:X11/C026] | 在馆 | |
| 25 | 562714 | 205627142 | 城院文库/ [索取号:X11/C026] | 在馆 | |
| 26 | 562715 | 205627151 | 自科库501/501自科库 92排2列2层/ [索取号:X11/C026] | 在馆 |